000 00984nam a22002537a 4500
008 131114b xxu||||| |||| 00| 0 alb d
020 _a3893314431
041 1 _aalb
080 _a339.922
_x(4)(035)
100 1 _aWajdenfeld, Werner
245 1 _aEvropa prej A deri në ZH :
_cWerner Wajdenfeld, Wolfgang Wessels, [përktheu Bukurije Zeka].
260 _aPrishtinë :
_bFondacioni Konrad-Adenauer ;
_c2004.
300 _a531 f. ;
_c21 cm.
500 _aTitulli i orgjinalit : Europa von A biz Z : Taschenbuch der Europaischen Integration.
500 _aRegjistri i Autorëve : f. 518-521.
500 _aRegjistri i shkurtesa : f. 522-525.
500 _a Indeksi : f. 526-529
650 0 _aEvropa
_vManualët
_xIntegrimi ekonomik
650 0 _aTregtia ekonomike ndërkombëtare
_zBashkmi Evropian
650 0 _aBashkmi Evropian
_vManualet, doracakët
700 1 _aWeidenfeld, Werner
700 1 _aWessels, Wolfgang
942 _2udc
_cBK
999 _c311
_d311